El Mozote: memoria de las víctimas y desagravio /
El presente artículo presenta una valoración del acto de desagravio con respecto a la masacre de El Mozote durante el conflicto armado en El Salvador; el cual se constituyó en un modo concreto de enfrentar el pasado histórico sin eludir la necesidad de verdad, justicia, reparación y perdón.
Gorde:
| Egile nagusia: | |
|---|---|
| Formatua: | Texto |
| Gaiak: | |
| Etiketak: |
Etiketa erantsi
Etiketarik gabe, Izan zaitez lehena erregistro honi etiketa jartzen!
|
MARC
| LEADER | 00000 a a2200000 04500 | ||
|---|---|---|---|
| 001 | 43941 | ||
| 003 | |||
| 040 | |||
| 100 | |a Ayala Ramírez, Carlos | ||
| 245 | |a El Mozote: |b memoria de las víctimas y desagravio / |c Carlos Ayala Ramírez / |c Carlos Ayala Ramírez | ||
| 520 | |a El presente artículo presenta una valoración del acto de desagravio con respecto a la masacre de El Mozote durante el conflicto armado en El Salvador; el cual se constituyó en un modo concreto de enfrentar el pasado histórico sin eludir la necesidad de verdad, justicia, reparación y perdón. | ||
| 590 | |a SJB/NOVIEMBRE2012 | ||
| 650 | |a ACUERDOS | ||
| 650 | |a PAZ | ||
| 650 | |a AMNISTIA | ||
| 650 | |a GUERRA CIVIL | ||
| 650 | |a DERECHOS HUMANOS | ||
| 650 | |a HISTORIA | ||
| 650 | |a EL SALVADOR | ||
| 773 | |g volumen67, número728 (2012), página 135-148 | ||
| 999 | |c 24778 |d 24778 | ||
